000
00302nam a22001337a 4500
008
171103b xxu||||| |||| 00| 0 eng d
020
_a
9780324236736
041
_a
eng
080
_2
12TH
_a
339.138
100
_a
60
101
_a
MAR
245
_a
CONTEMPORARY MARKETING
_c
KURTZ,D.L
942
_2
udc
_c
BK
999
_c
37549
_d
37549